Chile y la guerra, 1933-1943

Tallennettuna:
Bibliografiset tiedot
Päätekijä: Nocera, Raffaele (autor)
Aineistotyyppi: Kirja
Kieli:espanja
Julkaistu: Santiago Lom Ediciones 2006
Sarja:Colección Sociedad y Cultura
Aiheet:
Tagit: Lisää tagi
Ei tageja, Lisää ensimmäinen tagi!

MARC

LEADER 00000cam a2200000 a 4500
001 UCI1683
003 CL-VaPUC
008 070713e20060000CL |||||||||||||||||spa|d
020 |a 956282862X 
082 0 4 |a 983.0642  |b NOC  |2 21 
100 |a Nocera, Raffaele  |e autor  |9 522333 
245 1 0 |a Chile y la guerra, 1933-1943 
300 |a 243 p 
942 |c BK 
945 |d 20070713 00:00:00  |a rbrito 
260 |a Santiago  |b Lom Ediciones  |c 2006 
650 7 |a NEUTRALIDAD  |2 CL-VaPUC  |9 375136 
650 0 |a Derecho internacional  |9 255637 
650 0 |a Relaciones Internacionales  |9 255740 
650 0 |a Segunda Guerra Mundial  |9 325982 
650 0 |a Relaciones Exteriores  |9 255379 
651 7 |a CHILE  |2 CL-VaPUC  |9 522334 
651 0 |a Estados Unidos  |9 255178 
583 |a last modification  |c 20150416 05:40:41  |k Rodrigo Vera 
490 0 |a Colección Sociedad y Cultura 
999 |c 326446  |d 326444 
952 |0 0  |1 0  |4 0  |6 983_064200000000000_NOC_2006  |7 0  |8 A  |9 408332  |a BIBHIS  |b BIBHIS  |d 2019-11-22  |i 4356276  |o 983.0642 NOC 2006  |p 4356276  |r 2025-01-20  |w 2019-11-22  |y BK  |k HIS 
952 |0 0  |1 0  |4 0  |6 983_064200000000000_NOC_2006  |7 0  |8 A  |9 408333  |a BIBHIS  |b BIBHIS  |d 2019-11-22  |i 4545699  |l 3  |o 983.0642 NOC 2006  |p 4545699  |r 2025-01-20  |s 2022-03-22  |w 2019-11-22  |y BK  |k HIS 
952 |0 0  |1 0  |4 0  |6 983_064200000000000_NOC_2006  |7 0  |8 A  |9 408334  |a BIBHIS  |b BIBHIS  |d 2019-11-22  |i 4579267  |o 983.0642 NOC 2006  |p 4579267  |r 2025-01-20  |w 2019-11-22  |y BK  |k HIS 
952 |0 0  |1 0  |3 erb  |4 0  |6 983_064200000000000_NOC_2006  |7 0  |8 A  |9 408335  |a BIBHIS  |b BIBHIS  |i 5079128  |o 983.0642 NOC 2006  |p 5079128  |r 2025-01-20  |w 2019-11-22  |y BK  |z Catalogado en:20140529  |k HIS 
952 |0 0  |1 0  |3 erb  |4 0  |6 983_064200000000000_NOC_2006  |7 0  |8 A  |9 408336  |a BIBHIS  |b BIBHIS  |e Villagrán Garnham, Jorge  |i 5159296  |l 2  |o 983.0642 NOC 2006  |p 5159296  |r 2025-01-20  |s 2022-08-09  |w 2019-11-22  |y BK  |z Catalogado en:20150416  |k HIS